Super Smash Bros. Character Debuts - Statistics

General Stats
  • This quiz has been taken 389 times
    233 since last reset
  • The average score is 73 of 103
Answer Stats
Debut Game Character % Correct
Pac-Man Pac-Man
99%
Donkey Kong Donkey Kong
98%
Ice Climber Ice Climbers
93%
Duck Hunt Duck Hunt
92%
Mario Bros. Luigi
91%
Donkey Kong Mario
91%
Punch-Out!! Little Mac
90%
The Legend of Zelda Link
89%
The Legend of Zelda Zelda
89%
Super Mario Bros. Bowser
88%
Ball Mr. Game and Watch
86%
Castlevania Simon
86%
Dragon Quest III Hero
85%
Mega Man Mega Man
85%
Super Mario Bros. Peach
85%
Kid Icarus Pit
85%
Street Fighter Ryu
85%
Metroid Samus
85%
Street Fighter Ken
84%
Metroid Ridley
84%
Metal Gear Snake
84%
Kid Icarus Palutena
83%
Dr. Mario Dr. Mario
81%
Super Mario Land Daisy
80%
Kirby’s Dreamland Kirby
80%
F-Zero Captain Falcon
79%
Donkey Kong Country Diddy Kong
79%
Star Fox Falco
79%
Star Fox Fox
79%
Kirby’s Dreamland King Dedede
79%
Fire Emblem: Shadow Dragon and the Blade of Light Marth
79%
Kirby’s Adventure Meta Knight
79%
Castlevania: Rondo of Blood Richter
78%
Dragon Quest IV Hero
77%
Donkey Kong Country King K. Rool
77%
Earthbound Ness
77%
Stack-Up R.O.B.
77%
Final Fantasy VII Cloud
74%
Super Mario World Yoshi
74%
Legend of Zelda: Ocarina of Time Ganondorf
73%
Tekken Kazuya
73%
Super Mario Bros. Piranha Plant
73%
Star Fox 64 Wolf
72%
Bayonetta Bayonetta
71%
Banjo-Kazooie Kazooie
71%
Mother 3 Lucas
71%
Final Fantasy VII Sephiroth
71%
Legend of Zelda: Wind Waker Toon Link
71%
Wii Fit Wii Fit Trainer
71%
Pikmin Olimar
70%
Super Mario Galaxy Rosalina and Luma
70%
Legend of Zelda: Ocarina of Time Sheik
70%
Minecraft Steve
70%
King of Fighters Terry
70%
Legend of Zelda: Ocarina of Time Young Link
70%
Metroid: Zero Mission Zero-Suit Samus
70%
Pokémon Red/Green Charizard
69%
Kingdom Hearts Sora
69%
Metroid Prime 2 Dark Samus
68%
Wii Sports Mii
68%
Xenoblade Chronicles Shulk
68%
Kid Icarus: Uprising Dark Pit
67%
Pokémon Red/Green Ivysaur
67%
Dragon Quest VIII Hero
66%
Super Mario Sunshine Bowser Jr.
65%
Fire Emblem: Path of Radiance Ike
65%
Splatoon Inkling
64%
Pokémon Red/Green Jigglypuff
64%
ARMS Min Min
64%
Pokémon Gold/Silver Pichu
64%
Pokémon Red/Green Pikachu
64%
Animal Forest Villager
64%
Animal Crossing: New Leaf Isabelle
63%
Persona 5 Joker
63%
Fire Emblem: Heroes Byleth
62%
Fire Emblem Awakening Chrom
62%
Minecraft Enderman
62%
Dragon Quest XI Hero
62%
Pokémon Red/Green Mewtwo
62%
Xenoblade Chronicles 2 Pyra / Mythra
62%
Super Mario Land 2 Wario
62%
Minecraft Zombie
62%
Pikmin 3 Alph
61%
Fire Emblem Awakening Lucina
61%
Pokémon Red/Green Squirtle
61%
Pokémon X/Y Greninja
60%
Minecraft Alex
59%
Pokémon Sun/Moon Incineroar
59%
Super Mario Bros. 3 Ludwig
59%
Fire Emblem Awakening Robin
59%
Super Mario Bros. 3 Roy
59%
Super Mario Bros. 3 Wendy
59%
Super Smash Bros. Melee (Guest Appearance) Roy
58%
Fire Emblem Fates Corrin
57%
Super Mario Bros. 3 Iggy
57%
Super Mario Bros. 3 Morton
57%
Diddy Kong Racing Banjo
56%
Super Mario Bros. 3 Lemmy
56%
Pokémon Mystery Dungeon: Red Rescue Team / Blue Rescue Team (Cameo) Lucario
56%
Pokémon Red/Green Pokémon Trainer (Red)
54%
Super Mario Bros. 3 Larry
52%
Pokémon FireRed/LeafGreen Pokémon Trainer (Leaf)
46%
Rad Mobile (Cameo) Sonic
40%
No matching quizzes found
Score Distribution
Percent of People with Each Score
Percentile by Number Answered
Your Score History
You have not taken this quiz since the last reset